000 nam a22 7a 4500
999 _c10038
_d10038
008 180209b ||||| |||| 00| 0 eng d
100 _aSrinivasan, P
_96064
245 _aA Road guide to bangalore
260 _aNew Delhi
_bt t k Publication
_c1999